000 00441nam a22001457a 4500
008 230519b |||||||| |||| 00| 0 eng d
020 _a978-99936-622-2-7
082 _a370.11
100 _aThe National Museum of Bhutan
245 _aThe Essence of Bhutanese Culture,
_bThe proceedings of the fifth colloquium
250 _aVolume 2, Edition 3
300 _a278 p.
_c23 cm
942 _2ddc
999 _c9568
_d9569